| 000 | 01001nam a2200337 a 4500 | ||
|---|---|---|---|
| 001 | 972670 | ||
| 003 | OSt | ||
| 005 | 20140310182659.0 | ||
| 008 | 850828s1986 ilua b 001 0 eng | ||
| 010 | _a 85081465 | ||
| 020 | _a9711103486 | ||
| 040 |
_aDLC _cDLC _dDLC |
||
| 050 | 0 | 0 |
_aHF 1359 _b.L744 1986 |
| 082 | 0 | 0 |
_aM 337 _219 _bL64 1986 |
| 100 | 1 | _aLindert, Peter H. | |
| 245 | 1 | 0 |
_aInternational economics _cLindert, Peter H. |
| 250 | _a8th ed. | ||
| 260 |
_aHomewood, Ill. _bIrwin _cc1986 |
||
| 300 |
_a1 v. (various pagings) _bill. _c25 cm. |
||
| 490 | 0 | _aIrwin publications in economics | |
| 504 | _aIncludes bibliography and index. | ||
| 521 | _aCollege Student | ||
| 526 | _c1210L to 1700L | ||
| 541 | _j1 | ||
| 562 | _efor circulation. 1 copy available in the collection | ||
| 650 | 0 | _aInternational economic relations. | |
| 650 | 0 | _aCommercial policy. | |
| 650 | 0 | _aForeign exchange. | |
| 906 |
_a7 _bcbc _corignew _d3 _eopcn _f19 _gy-gencatlg |
||
| 942 |
_2lcc _cBK _kM |
||
| 999 |
_c15150 _d15150 |
||